Sans famille /

Guardat en:
Dades bibliogràfiques
Autor principal: Malot, Hector (autor)
Format: Llibre
Idioma:francès
Publicat: París, Francia : Hachette 1966, c1966
Etiquetes: Afegir etiqueta
Sense etiquetes, Sigues el primer a etiquetar aquest registre!

MARC

LEADER 00000nam^a2200000^a^4500
001 000559158
005 20250526000000.0
009 20260310131836.36
037 |a Acervo ITESO - Biblioteca 
041 |a FRA 
091 |a FHA. 02246 
100 |a Malot, Hector  |e (autor) 
245 1 0 |a Sans famille / 
264 4 |a París, Francia :  |b Hachette  |c 1966, c1966 
300 |a 2 v. (340, 398 p.) ;  |c 16.5 cm. 
336 |a texto  |b txt  |2 rdacontenido 
337 |a sin mediación  |b n  |2 rdamedio 
338 |a volumen  |b nc  |2 rdasoporte 
515 |a Inventario familia Hartung: 3089, 3090 
649 |a XX 
910 |a Fondo Horst Hartung Franz 
920 |a Impresos - Libros 
930 |a Libros Antiguos y Raros 
940 |a Literatura 
905 |a 135 
901 |a 0500330437  |b IT2  |c LRA  |i D  |u 20250526 
901 |a 0500330424  |b IT2  |c LRA  |u 20250526 
902 |a https://opac.biblio.iteso.mx/vufind/Record/000559158